[Event "Hull CC-ch B"]
[Site "Gatineau CAN"]
[Date "2007.04.10"]
[Round "5"]
[White "Forget, David"]
[Black "Szalay, Karoly"]
[Result "0-1"]
[WhiteElo "1873"]
[BlackElo "1967"]
[PlyCount "80"]
[GameId "2160767910701548"]
[EventDate "2007.03.20"]
[EventType "tourn"]
[EventRounds "5"]
[EventCountry "CAN"]
[SourceTitle "EXT 2022"]
[Source "ChessBase"]
[SourceDate "2021.10.06"]
[SourceVersion "1"]
[SourceVersionDate "2021.10.06"]
[SourceQuality "1"]

1. d4 d5 2. c4 e6 3. Nc3 c6 4. cxd5 exd5 5. Nf3 Bf5 6. Bf4 Nd7 7. e3 Qb6 8. Qd2 Ngf6 9. a3 h6 10. Be2 Be7 11. O-O O-O 12. b4 Ne4 13. Nxe4 Bxe4 14. Bd3 Nf6 15. Qc2 a5 16. bxa5 Rxa5 17. Rfb1 Qa7 18. Bxe4 Nxe4 19. a4 Ra8 20. g4 Nd6 21. Bxd6 Bxd6 22. g5 hxg5 23. Nxg5 g6 24. Qb3 b5 25. Qd3 Qe7 26. Nf3 Qd7 27. Ne5 Bxe5 28. dxe5 Rxa4 29. Rxa4 Rxa4 30. Rc1 Rc4 31. Qd2 Qg4+ 32. Kf1 Rxc1+ 33. Qxc1 Qc4+ 34. Qxc4 bxc4 35. Ke2 Kf8 36. Kd2 Ke7 37. Kc3 Ke6 38. f4 Kf5 39. h4 c5 40. Kd2 d4 0-1

[Event "Hull CC-ch B"]
[Site "Gatineau CAN"]
[Date "2007.04.10"]
[Round "5"]
[White "Guimond, Michel"]
[Black "Pepin, Christian"]
[Result "1/2-1/2"]
[WhiteElo "1827"]
[BlackElo "1939"]
[PlyCount "98"]
[GameId "2160767910701549"]
[EventDate "2007.03.20"]
[EventType "tourn"]
[EventRounds "5"]
[EventCountry "CAN"]
[SourceTitle "EXT 2022"]
[Source "ChessBase"]
[SourceDate "2021.10.06"]
[SourceVersion "1"]
[SourceVersionDate "2021.10.06"]
[SourceQuality "1"]

1. e4 c6 2. d4 d5 3. e5 Bf5 4. h4 h6 5. g4 Bd7 6. h5 e6 7. Bd3 c5 8. c3 Nc6 9. Ne2 Qb6 10. Bc2 Rc8 11. a3 Qc7 12. Ba4 b5 13. Bb3 Be7 14. f4 Qd8 15. Nd2 Na5 16. Ba2 cxd4 17. cxd4 b4 18. axb4 Bxb4 19. Kf2 Ne7 20. Nf3 O-O 21. Qd3 f6 22. exf6 gxf6 23. Bb1 f5 24. g5 Nc4 25. gxh6 Nd6 26. Rg1+ Kh8 27. Rg7 Ne4+ 28. Kg2 Nc6 29. Ra6 Rg8 30. Rxc6 Bxc6 31. Ng5 Rc7 32. Nxe6 Qh4 33. Ng3 Re7 34. Ng5 Nxg3 35. Rxe7 Rxg5 36. fxg5 Ne4 37. Rc7 Qf2+ 38. Kh3 Bf8 39. Rxc6 Qe1 40. Kg2 Qf2+ 41. Kh3 Qg1 42. Qf3 Nf2+ 43. Qxf2 Qxf2 44. Rc8 Qf3+ 45. Kh2 Qxh5+ 46. Kg2 Qe2+ 47. Kh1 Qf1+ 48. Kh2 Qf2+ 49. Kh1 Qf1+ 1/2-1/2

[Event "Hull CC-ch B"]
[Site "Gatineau CAN"]
[Date "2007.04.10"]
[Round "5"]
[White "Libersan, Mattieu"]
[Black "Desjardins, Michel"]
[Result "0-1"]
[WhiteElo "1894"]
[BlackElo "1861"]
[PlyCount "48"]
[GameId "2160767910701550"]
[EventDate "2007.03.20"]
[EventType "tourn"]
[EventRounds "5"]
[EventCountry "CAN"]
[SourceTitle "EXT 2022"]
[Source "ChessBase"]
[SourceDate "2021.10.06"]
[SourceVersion "1"]
[SourceVersionDate "2021.10.06"]
[SourceQuality "1"]

1. e4 d5 2. d4 dxe4 3. Nc3 Nf6 4. f3 exf3 5. Nxf3 e6 6. Bg5 Be7 7. Bd3 c5 8. O-O cxd4 9. Bb5+ Bd7 10. Nxd4 Bxb5 11. Ndxb5 Qb6+ 12. Kh1 Nbd7 13. Qf3 O-O 14. Rad1 Rad8 15. Qg3 Kh8 16. Nd6 Qxb2 17. Nce4 Nxe4 18. Nxe4 Bxg5 19. Nxg5 Qxc2 20. Rxd7 Rxd7 21. Nxe6 Rg8 22. Ng5 f6 23. Qh3 Re7 24. Qe6 Qc7 0-1

[Event "Hull CC-ch C"]
[Site "Gatineau CAN"]
[Date "2007.03.13"]
[Round "?"]
[White "Libersan, Mattieu"]
[Black "Dallaire, Dominic"]
[Result "1-0"]
[WhiteElo "1894"]
[BlackElo "1873"]
[PlyCount "90"]
[GameId "2160767910709970"]
[EventDate "2007.03.13"]
[EventType "swiss"]
[EventRounds "5"]
[EventCountry "CAN"]
[SourceTitle "EXT 2022"]
[Source "ChessBase"]
[SourceDate "2021.10.06"]
[SourceVersion "1"]
[SourceVersionDate "2021.10.06"]
[SourceQuality "1"]

1. e4 e6 2. d4 d5 3. Nc3 Bb4 4. Nge2 Ne7 5. a3 Bxc3+ 6. Nxc3 b6 7. Be3 Bb7 8. e5 Nf5 9. Qd2 Nxe3 10. Qxe3 Nd7 11. Bd3 a6 12. Ne2 c5 13. c3 Qe7 14. O-O h5 15. Rac1 h4 16. h3 g5 17. f4 Rg8 18. fxg5 Rxg5 19. Qf4 Nf8 20. Rf2 Ng6 21. Qf6 c4 22. Bc2 Qxf6 23. Rxf6 Ke7 24. Rcf1 Rf8 25. Nf4 Nxf4 26. R1xf4 Rg7 27. Rxh4 Rfg8 28. Rf2 Rg3 29. Rh7 R8g7 30. Rxg7 Rxg7 31. g4 Bc6 32. Kh2 Be8 33. Kg3 Rg8 34. Rf6 Rh8 35. h4 Kf8 36. g5 Kg7 37. Kg4 b5 38. h5 a5 39. g6 fxg6 40. Bxg6 Bxg6 41. Rxg6+ Kf7 42. Kg5 Rh7 43. Rf6+ Ke7 44. Kg6 Rh8 45. Rf7+ Ke8 1-0

[Event "Hull CC-ch C"]
[Site "Gatineau CAN"]
[Date "2007.03.13"]
[Round "1"]
[White "Berthiaume, Patrick"]
[Black "Arsenault, Yves"]
[Result "0-1"]
[WhiteElo "1028"]
[BlackElo "1477"]
[PlyCount "62"]
[GameId "2160767910709971"]
[EventDate "2007.03.13"]
[EventType "swiss"]
[EventRounds "5"]
[EventCountry "CAN"]
[SourceTitle "EXT 2022"]
[Source "ChessBase"]
[SourceDate "2021.10.06"]
[SourceVersion "1"]
[SourceVersionDate "2021.10.06"]
[SourceQuality "1"]

1. e4 c5 2. Nc3 Nc6 3. Nf3 e6 4. Bb5 a6 5. Bxc6 bxc6 6. d4 d5 7. e5 cxd4 8. Qxd4 c5 9. Qh4 Bb7 10. Bg5 Ne7 11. O-O d4 12. Rfd1 Bxf3 13. gxf3 Qc7 14. Bxe7 Bxe7 15. Qe4 O-O 16. Ne2 Rab8 17. b3 f5 18. Qf4 h6 19. c4 Bg5 20. Qg3 f4 21. Qg4 Rf5 22. Nxd4 cxd4 23. Rxd4 Qxe5 24. Rad1 Be7 25. Re4 Qf6 26. Rde1 Rg5 27. Qxg5 Qxg5+ 28. Kh1 Bb4 29. R1e2 Rd8 30. h3 Rd1+ 31. Kh2 Qg1# 0-1

[Event "Hull CC-ch C"]
[Site "Gatineau CAN"]
[Date "2007.03.13"]
[Round "1"]
[White "Berthiaume, Serge"]
[Black "Pilon, Robert"]
[Result "0-1"]
[WhiteElo "1193"]
[BlackElo "1545"]
[PlyCount "76"]
[GameId "2160767910709972"]
[EventDate "2007.03.13"]
[EventType "swiss"]
[EventRounds "5"]
[EventCountry "CAN"]
[SourceTitle "EXT 2022"]
[Source "ChessBase"]
[SourceDate "2021.10.06"]
[SourceVersion "1"]
[SourceVersionDate "2021.10.06"]
[SourceQuality "1"]

1. d4 Nf6 2. c4 c5 3. d5 b5 4. cxb5 a6 5. bxa6 g6 6. Nc3 Bg7 7. g3 d6 8. Bg2 Bxa6 9. Nf3 Nbd7 10. O-O Ng4 11. Bh3 Nge5 12. Nxe5 Nxe5 13. Re1 O-O 14. Bg5 h6 15. Bf4 Qc7 16. Qd2 Nc4 17. Qc1 g5 18. Bxg5 hxg5 19. Qxg5 Bc8 20. Bxc8 Qxc8 21. b3 f6 22. Qg6 Ne5 23. Qh5 f5 24. Qg5 Qd7 25. Na4 Rab8 26. h4 Rf6 27. h5 Rh6 28. Kg2 Nf7 29. Qh4 Rb4 30. f4 Bxa1 31. Rxa1 Re4 32. Nb6 Qb7 33. Nc4 Qxd5 34. e3 Rxf4+ 35. Kh3 Rxh4+ 36. Kxh4 Rxh5+ 37. Kxh5 Qf3+ 38. g4 Qxg4# 0-1

[Event "Hull CC-ch C"]
[Site "Gatineau CAN"]
[Date "2007.03.13"]
[Round "1"]
[White "Blouin, Francois"]
[Black "Sunatori, Evelyne"]
[Result "1-0"]
[WhiteElo "1516"]
[BlackElo "1103"]
[PlyCount "95"]
[GameId "2160767910709973"]
[EventDate "2007.03.13"]
[EventType "swiss"]
[EventRounds "5"]
[EventCountry "CAN"]
[SourceTitle "EXT 2022"]
[Source "ChessBase"]
[SourceDate "2021.10.06"]
[SourceVersion "1"]
[SourceVersionDate "2021.10.06"]
[SourceQuality "1"]

1. e4 e5 2. Nf3 Nc6 3. Bb5 Nf6 4. d3 Bd6 5. Bg5 h6 6. Bh4 O-O 7. O-O a6 8. Bc4 Be7 9. Nc3 b5 10. Bb3 Nd4 11. Nxd4 exd4 12. Bxf6 Bxf6 13. Nd5 c6 14. Nxf6+ Qxf6 15. f4 d6 16. Rf2 a5 17. a4 Be6 18. Bxe6 Qxe6 19. axb5 cxb5 20. Qd2 f5 21. exf5 Rxf5 22. Rxa5 Rxa5 23. Qxa5 Qe3 24. Qa8+ Kh7 25. Qe4 Qxe4 26. dxe4 Rc5 27. Rd2 Rc4 28. Kf2 g5 29. g3 gxf4 30. gxf4 Rb4 31. b3 h5 32. Ke2 h4 33. h3 Kg6 34. Kd3 Kf6 35. Rg2 Ke6 36. Rg4 d5 37. e5 Kf5 38. Rxh4 Ke6 39. Rg4 Kf5 40. Rg1 Kxf4 41. e6 Ke5 42. Re1+ Kf6 43. e7 Kg5 44. e8=Q Rc4 45. Qg8+ Kf6 46. bxc4 dxc4+ 47. Kxd4 Kf5 48. Rf1# 1-0

[Event "Hull CC-ch C"]
[Site "Gatineau CAN"]
[Date "2007.03.13"]
[Round "1"]
[White "Charette, Jean Sebastien"]
[Black "Jiang, Qizhe"]
[Result "1-0"]
[WhiteElo "1477"]
[BlackElo "959"]
[PlyCount "57"]
[GameId "2160767910709974"]
[EventDate "2007.03.13"]
[EventType "swiss"]
[EventRounds "5"]
[EventCountry "CAN"]
[SourceTitle "EXT 2022"]
[Source "ChessBase"]
[SourceDate "2021.10.06"]
[SourceVersion "1"]
[SourceVersionDate "2021.10.06"]
[SourceQuality "1"]

1. e4 e5 2. Nf3 Nc6 3. Bc4 Nf6 4. Ng5 d5 5. exd5 Na5 6. d3 Be7 7. Nc3 b6 8. Qf3 Bb7 9. Bb5+ Kf8 10. a3 Bxd5 11. Nxd5 Qxd5 12. Qxd5 Nxd5 13. b4 Nb7 14. Bc6 Rd8 15. Bxb7 Nc3 16. Nf3 Nd5 17. Nxe5 Bf6 18. Bb2 Rd7 19. Nxd7+ Ke7 20. Nxf6 Nxf6 21. O-O Kd7 22. Bxf6 gxf6 23. Rfe1 c6 24. c4 Kc7 25. Re7+ Kd6 26. Rae1 c5 27. b5 Rf8 28. Bc6 Ra8 29. Rd7# 1-0

[Event "Hull CC-ch C"]
[Site "Gatineau CAN"]
[Date "2007.03.13"]
[Round "1"]
[White "Guimond, Michel"]
[Black "Maisonneuve, Paul"]
[Result "1-0"]
[WhiteElo "1827"]
[BlackElo "1451"]
[PlyCount "37"]
[GameId "2160767910709975"]
[EventDate "2007.03.13"]
[EventType "swiss"]
[EventRounds "5"]
[EventCountry "CAN"]
[SourceTitle "EXT 2022"]
[Source "ChessBase"]
[SourceDate "2021.10.06"]
[SourceVersion "1"]
[SourceVersionDate "2021.10.06"]
[SourceQuality "1"]

1. e4 d6 2. d4 Nf6 3. Nc3 g6 4. f3 Bg7 5. Be3 O-O 6. Qd2 Nbd7 7. Bh6 c5 8. d5 a6 9. g4 Ne5 10. h4 b5 11. h5 Nxf3+ 12. Nxf3 Bxg4 13. Bxg7 Kxg7 14. hxg6 fxg6 15. Qh6+ Kg8 16. Ng5 Bh5 17. Ne6 Rf7 18. Nxd8 Rxd8 19. Bh3 1-0

[Event "Hull CC-ch C"]
[Site "Gatineau CAN"]
[Date "2007.03.13"]
[Round "1"]
[White "Iyamuremye, Gervais"]
[Black "Toulouse, Raphael"]
[Result "1-0"]
[WhiteElo "1604"]
[BlackElo "1291"]
[PlyCount "85"]
[GameId "2160767910709976"]
[EventDate "2007.03.13"]
[EventType "swiss"]
[EventRounds "5"]
[EventCountry "CAN"]
[SourceTitle "EXT 2022"]
[Source "ChessBase"]
[SourceDate "2021.10.06"]
[SourceVersion "1"]
[SourceVersionDate "2021.10.06"]
[SourceQuality "1"]

1. e4 e6 2. Nc3 Nc6 3. d4 d5 4. exd5 exd5 5. Nf3 Bg4 6. Be3 Nf6 7. Be2 Bd6 8. h3 Bh5 9. O-O O-O 10. a3 Re8 11. Nh4 Bxe2 12. Nxe2 Ne4 13. Nf3 Qf6 14. c3 Ne7 15. Nd2 Ng5 16. Bxg5 Qxg5 17. Nf3 Qf6 18. Qd2 Nf5 19. Rfe1 c6 20. Qg5 Qxg5 21. Nxg5 Bf4 22. Nxf4 Nh4 23. g3 Nf5 24. Nf3 Re4 25. Nd2 Re7 26. Rxe7 Nxe7 27. Re1 Nf5 28. Re5 Nd6 29. b3 f6 30. Re7 Kf8 31. Rd7 Nb5 32. Rxb7 Nxc3 33. Rc7 Re8 34. Rxc6 Ne2+ 35. Nxe2 Rxe2 36. Rc2 Re1+ 37. Kg2 Rd1 38. a4 a5 39. Kf3 Kf7 40. Ke2 Rh1 41. Rc7+ Ke6 42. Rxg7 Rxh3 43. Ra7 1-0

[Event "Hull CC-ch C"]
[Site "Gatineau CAN"]
[Date "2007.03.13"]
[Round "1"]
[White "Kennedy, Phillip"]
[Black "Lacourse, Guy"]
[Result "0-1"]
[WhiteElo "1291"]
[BlackElo "1618"]
[PlyCount "128"]
[GameId "2160767910709977"]
[EventDate "2007.03.13"]
[EventType "swiss"]
[EventRounds "5"]
[EventCountry "CAN"]

1. Nf3 d5 2. g3 Nf6 3. Bg2 g6 4. O-O Bg7 5. d4 O-O 6. Nc3 Bd7 7. Ne5 Be6 8. b3 c6 9. Re1 Nbd7 10. Bf4 Qc8 11. Qd2 c5 12. Nxd7 Nxd7 13. Nxd5 Bxd5 14. Bxd5 cxd4 15. Rac1 Re8 16. Bh6 Bh8 17. Bg2 e6 18. e3 dxe3 19. Rxe3 Bg7 20. Bxg7 Kxg7 21. c4 Nf8 22. Rd3 Qc7 23. Rd1 Rac8 24. Qc3+ f6 25. h4 b6 26. Rd6 Red8 27. Rxd8 Rxd8 28. Rxd8 Qxd8 29. Qf3 Kf7 30. Qb7+ Qd7 31. b4 Qxb7 32. Bxb7 Ke7 33. a4 Kd7 34. f4 Kc7 35. Bf3 Kd6 36. Kf2 a5 37. bxa5 bxa5 38. Ke3 Kc5 39. Kd3 Nd7 40. Bd1 Nb6 41. Kc3 e5 42. fxe5 fxe5 43. Bc2 Nd7 44. g4 Nf6 45. h5 Nxg4 46. hxg6 hxg6 47. Bxg6 Nf6 48. Bd3 Nd7 49. Bc2 Kd6 50. Bg6 Nc5 51. Be8 Ke6 52. Bb5 Kf5 53. Kd2 Ke4 54. Kc3 Ke3 55. Bc6 e4 56. Bb5 Kf2 57. Be8 e3 58. Bh5 Nxa4+ 59. Kd4 Nb6 60. Kd3 Nd7 61. Kc3 Nc5 62. Bg4 Ne4+ 63. Kb3 Nd2+ 64. Kc3 Nf3 0-1

[Event "Hull CC-ch C"]
[Site "Gatineau CAN"]
[Date "2007.03.13"]
[Round "1"]
[White "Levesque, Andre"]
[Black "Laurin, Jacques"]
[Result "0-1"]
[WhiteElo "1400"]
[BlackElo "1799"]
[PlyCount "68"]
[GameId "2160767910709978"]
[EventDate "2007.03.13"]
[EventType "swiss"]
[EventRounds "5"]
[EventCountry "CAN"]
[SourceTitle "EXT 2022"]
[Source "ChessBase"]
[SourceDate "2021.10.06"]
[SourceVersion "1"]
[SourceVersionDate "2021.10.06"]
[SourceQuality "1"]

1. e4 d6 2. d4 Nf6 3. Nc3 c6 4. Nf3 Bg4 5. Be2 Qa5 6. O-O e5 7. dxe5 dxe5 8. Bd2 Qc7 9. a3 Nbd7 10. h3 Bh5 11. b4 Be7 12. Nh4 Nxe4 13. Nxe4 Bxe2 14. Qxe2 Bxh4 15. Qg4 Bf6 16. Nxf6+ gxf6 17. Bh6 O-O-O 18. f4 Rhg8 19. Qf5 Rg6 20. Qh5 Rdg8 21. g4 Qb6+ 22. Kh2 Qe3 23. Qh4 f5 24. Rf2 Rxh6 25. Qxh6 Qxf2+ 26. Kh1 Qf3+ 27. Kg1 Qe3+ 28. Kg2 Qe4+ 29. Kh2 fxg4 30. Rg1 exf4 31. Rxg4 Qe2+ 32. Kg1 Rxg4+ 33. hxg4 f3 34. Qf4 Qg2# 0-1

[Event "Hull CC-ch C"]
[Site "Gatineau CAN"]
[Date "2007.03.13"]
[Round "1"]
[White "Ralchenko, Maxim"]
[Black "Theriault, Francis"]
[Result "1-0"]
[WhiteElo "1579"]
[BlackElo "987"]
[PlyCount "68"]
[GameId "2160767910709979"]
[EventDate "2007.03.13"]
[EventType "swiss"]
[EventRounds "5"]
[EventCountry "CAN"]
[SourceTitle "EXT 2022"]
[Source "ChessBase"]
[SourceDate "2021.10.06"]
[SourceVersion "1"]
[SourceVersionDate "2021.10.06"]
[SourceQuality "1"]

1. e4 e5 2. Nf3 d6 3. Bc4 Bg4 4. Nc3 Nf6 5. h3 Bxf3 6. Qxf3 c6 7. d3 Be7 8. Be3 O-O 9. O-O-O Qa5 10. Qg3 b5 11. Bb3 b4 12. Ne2 c5 13. Bh6 Nh5 14. Qg4 Kh8 15. Qxh5 gxh6 16. Bd5 Nd7 17. Bxa8 Qxa2 18. Qxh6 Rg8 19. Bd5 Bg5+ 20. Qxg5 Qa1+ 21. Kd2 Qxd1+ 22. Rxd1 Rxg5 23. Ng3 f6 24. Ra1 a5 25. Rxa5 Nb6 26. Ra6 Nxd5 27. exd5 f5 28. Rxd6 f4 29. Ne4 Rxg2 30. Re6 Kg7 31. d6 Kf7 32. Rxe5 Rg8 33. d7 Rd8 34. Nxc5 Kf8 1-0

[Event "Hull CC-ch C"]
[Site "Gatineau CAN"]
[Date "2007.03.13"]
[Round "1"]
[White "Sabourin, Yves"]
[Black "Villeneuve, Luc"]
[Result "1-0"]
[WhiteElo "1261"]
[BlackElo "1591"]
[PlyCount "95"]
[GameId "2160767910709980"]
[EventDate "2007.03.13"]
[EventType "swiss"]
[EventRounds "5"]
[EventCountry "CAN"]
[SourceTitle "EXT 2022"]
[Source "ChessBase"]
[SourceDate "2021.10.06"]
[SourceVersion "1"]
[SourceVersionDate "2021.10.06"]
[SourceQuality "1"]

1. d4 f5 2. c4 Nf6 3. Nc3 c6 4. Nf3 g6 5. e3 d6 6. Bd3 Bg7 7. Bd2 O-O 8. Qb3 Qe8 9. O-O-O Na6 10. c5+ Kh8 11. Bxa6 bxa6 12. cxd6 exd6 13. h3 Rf7 14. Nh2 Rb7 15. Qc2 Rab8 16. b3 Ne4 17. Nxe4 fxe4 18. Bc3 Be6 19. Qxe4 c5 20. Qc2 cxd4 21. exd4 Rc8 22. g4 Rbc7 23. Rd3 Bxd4 24. Bxd4+ Kg8 25. Rc3 Rxc3 26. Bxc3 Qc6 27. Re1 Qxc3 28. Qxc3 Rxc3+ 29. Kd2 Rxh3 30. Rxe6 Rxh2 31. Ke3 Rh3+ 32. Ke4 Rh4 33. Kf4 h5 34. Rxg6+ Kf7 35. Rg5 Rxg4+ 36. Rxg4 hxg4 37. Kxg4 Kf6 38. Kf4 d5 39. Ke3 Ke6 40. Kd4 a5 41. a3 a4 42. b4 Kd6 43. b5 Ke6 44. f4 Kd6 45. f5 Ke7 46. Kxd5 Kf6 47. Kc6 Kxf5 48. Kb7 1-0

[Event "Hull CC-ch C"]
[Site "Gatineau CAN"]
[Date "2007.03.13"]
[Round "1"]
[White "Scantland, Patrick"]
[Black "Chirokova, Elena"]
[Result "1-0"]
[WhiteElo "1722"]
[BlackElo "1352"]
[PlyCount "53"]
[GameId "2160767910709981"]
[EventDate "2007.03.13"]
[EventType "swiss"]
[EventRounds "5"]
[EventCountry "CAN"]
[SourceTitle "EXT 2022"]
[Source "ChessBase"]
[SourceDate "2021.10.06"]
[SourceVersion "1"]
[SourceVersionDate "2021.10.06"]
[SourceQuality "1"]

1. e4 e5 2. Nf3 Nc6 3. Bb5 Bd6 4. O-O a6 5. Ba4 Nf6 6. Re1 O-O 7. c3 b5 8. Bc2 Bc5 9. Nxe5 Bb7 10. Nxc6 Bxc6 11. d4 Bb6 12. Bg5 h6 13. Bh4 g5 14. Bg3 d6 15. Qd3 Re8 16. Nd2 Nh5 17. e5 Nxg3 18. Qh7+ Kf8 19. Qxh6+ Ke7 20. hxg3 dxe5 21. Rxe5+ Kd7 22. Bf5+ Re6 23. Bxe6+ Kd6 24. Bxf7+ Qf6 25. Qxf6+ Kd7 26. Be6+ Ke8 27. Bf5# 1-0

[Event "Hull CC-ch C"]
[Site "Gatineau CAN"]
[Date "2007.03.20"]
[Round "2"]
[White "Arsenault, Yves"]
[Black "Iyamuremye, Gervais"]
[Result "0-1"]
[WhiteElo "1477"]
[BlackElo "1604"]
[PlyCount "54"]
[GameId "2160767910709982"]
[EventDate "2007.03.13"]
[EventType "swiss"]
[EventRounds "5"]
[EventCountry "CAN"]
[SourceTitle "EXT 2022"]
[Source "ChessBase"]
[SourceDate "2021.10.06"]
[SourceVersion "1"]
[SourceVersionDate "2021.10.06"]
[SourceQuality "1"]

1. e4 c5 2. Nf3 b6 3. Bc4 e6 4. Nc3 Bb7 5. d3 h6 6. O-O Be7 7. Re1 Nf6 8. Bf4 d5 9. Bb5+ Nc6 10. Ne5 Rc8 11. Nxc6 Bxc6 12. Bxc6+ Rxc6 13. Nb5 Qd7 14. e5 Nh7 15. Nd6+ Bxd6 16. exd6 f6 17. Qh5+ Kd8 18. Qh3 e5 19. Qxd7+ Kxd7 20. Bg3 Rxd6 21. Red1 Re6 22. c4 dxc4 23. dxc4+ Rd6 24. Rxd6+ Kxd6 25. f4 exf4 26. Bxf4+ Kd7 27. Rd1+ Kc8 0-1

[Event "Hull CC-ch C"]
[Site "Gatineau CAN"]
[Date "2007.03.20"]
[Round "2"]
[White "Blouin, Francois"]
[Black "Scantland, Patrick"]
[Result "0-1"]
[WhiteElo "1516"]
[BlackElo "1722"]
[PlyCount "104"]
[GameId "2160767910709983"]
[EventDate "2007.03.13"]
[EventType "swiss"]
[EventRounds "5"]
[EventCountry "CAN"]
[SourceTitle "EXT 2022"]
[Source "ChessBase"]
[SourceDate "2021.10.06"]
[SourceVersion "1"]
[SourceVersionDate "2021.10.06"]
[SourceQuality "1"]

1. e4 c5 2. Nc3 d6 3. d3 Nc6 4. Be3 g6 5. Qd2 Bg7 6. g3 a6 7. Bg2 e6 8. a3 Nd4 9. Rb1 Qa5 10. Nge2 Rb8 11. Bf4 e5 12. Be3 Be6 13. O-O h5 14. f4 Bg4 15. Nxd4 cxd4 16. Nd5 Qd8 17. Bf2 Ne7 18. Nxe7 Qxe7 19. h3 Bd7 20. Qe2 O-O 21. Be1 Qd8 22. Bb4 Bc6 23. fxe5 Bxe5 24. Kh2 Qg5 25. Qf3 h4 26. Be1 f5 27. Kg1 fxe4 28. Qg4 Rxf1+ 29. Kxf1 Rf8+ 30. Kg1 Qxg4 31. hxg4 hxg3 32. dxe4 Bd7 33. Bh3 Rf3 34. Rd1 Re3 35. Bd2 Rf3 36. Rf1 Rxf1+ 37. Bxf1 Bxg4 38. b3 Bf3 39. Bd3 Kg7 40. Bg5 b5 41. a4 bxa4 42. bxa4 a5 43. Kf1 Kf8 44. Kg1 Ke8 45. Bb5+ Kf7 46. Bc4+ Kg7 47. Bd3 Bf6 48. Bd2 Be5 49. Bg5 Kh7 50. Kf1 d5 51. exd5 Bxd5 52. Bb5 d3 0-1

[Event "Hull CC-ch C"]
[Site "Gatineau CAN"]
[Date "2007.03.20"]
[Round "2"]
[White "Charette, Jean Sebastien"]
[Black "Ralchenko, Maxim"]
[Result "0-1"]
[WhiteElo "1477"]
[BlackElo "1579"]
[PlyCount "71"]
[GameId "2160767910709984"]
[EventDate "2007.03.13"]
[EventType "swiss"]
[EventRounds "5"]
[EventCountry "CAN"]
[SourceTitle "EXT 2022"]
[Source "ChessBase"]
[SourceDate "2021.10.06"]
[SourceVersion "1"]
[SourceVersionDate "2021.10.06"]
[SourceQuality "1"]

1. e4 c5 2. c3 Nc6 3. d4 cxd4 4. cxd4 d6 5. d5 Ne5 6. Nc3 g6 7. f4 Nd7 8. Nf3 Bg7 9. Bb5 a6 10. Qa4 Qc7 11. Bd2 Qb8 12. Bd3 b5 13. Qc2 Nc5 14. Be2 Bg4 15. O-O Nf6 16. b4 Nb7 17. Rac1 Qa7+ 18. Kh1 Rc8 19. Qd3 Rc4 20. a3 O-O 21. Be3 Qb8 22. Nd2 Rcc8 23. Bd4 Bxe2 24. Nxe2 Rxc1 25. Rxc1 Nd8 26. Qc3 Re8 27. Qc7 Qxc7 28. Rxc7 e6 29. dxe6 Nxe6 30. Ra7 Nxd4 31. Nxd4 Nxe4 32. N2f3 Nd2 33. h3 Nxf3 34. Nxf3 Bh6 35. Ng5 f6 36. Nxh7 0-1

[Event "Hull CC-ch C"]
[Site "Gatineau CAN"]
[Date "2007.03.20"]
[Round "2"]
[White "Charland, Roger"]
[Black "Sabourin, Yves"]
[Result "1-0"]
[WhiteElo "1556"]
[BlackElo "1261"]
[PlyCount "41"]
[GameId "2160767910709985"]
[EventDate "2007.03.13"]
[EventType "swiss"]
[EventRounds "5"]
[EventCountry "CAN"]
[SourceTitle "EXT 2022"]
[Source "ChessBase"]
[SourceDate "2021.10.06"]
[SourceVersion "1"]
[SourceVersionDate "2021.10.06"]
[SourceQuality "1"]

1. e4 e6 2. d3 d5 3. Nd2 Nf6 4. Ngf3 c5 5. g3 Nc6 6. Bg2 Be7 7. O-O O-O 8. e5 Nd7 9. Re1 f6 10. exf6 Nxf6 11. Ne5 Nxe5 12. Rxe5 Bd6 13. Re1 Rb8 14. Nf3 Re8 15. Ne5 Bd7 16. Bg5 h6 17. Bxf6 gxf6 18. Qg4+ Kh8 19. Nf7+ Kh7 20. Nxd8 e5 21. Qxd7+ 1-0

[Event "Hull CC-ch C"]
[Site "Gatineau CAN"]
[Date "2007.03.20"]
[Round "2"]
[White "Chirokova, Elena"]
[Black "Berthiaume, Patrick"]
[Result "1-0"]
[WhiteElo "1352"]
[BlackElo "1028"]
[PlyCount "29"]
[GameId "2160767910709986"]
[EventDate "2007.03.13"]
[EventType "swiss"]
[EventRounds "5"]
[EventCountry "CAN"]
[SourceTitle "EXT 2022"]
[Source "ChessBase"]
[SourceDate "2021.10.06"]
[SourceVersion "1"]
[SourceVersionDate "2021.10.06"]
[SourceQuality "1"]

1. e4 c5 2. Bc4 Nc6 3. Nf3 e5 4. Nc3 d6 5. Nd5 Nf6 6. h3 Nxd5 7. Bxd5 g6 8. d3 Bg7 9. Bg5 Qb6 10. Qc1 O-O 11. O-O Bd7 12. Bh6 Bxh6 13. Qxh6 Qxb2 14. Ng5 Rfe8 15. Qxh7+ 1-0

[Event "Hull CC-ch C"]
[Site "Gatineau CAN"]
[Date "2007.03.20"]
[Round "2"]
[White "Dupont, Claude"]
[Black "Jani, Louis"]
[Result "1/2-1/2"]
[WhiteElo "1419"]
[BlackElo "1416"]
[PlyCount "48"]
[GameId "2160767910709987"]
[EventDate "2007.03.13"]
[EventType "swiss"]
[EventRounds "5"]
[EventCountry "CAN"]
[SourceTitle "EXT 2022"]
[Source "ChessBase"]
[SourceDate "2021.10.06"]
[SourceVersion "1"]
[SourceVersionDate "2021.10.06"]
[SourceQuality "1"]

1. e4 c5 2. Nf3 d6 3. Bc4 Nc6 4. Nc3 Nf6 5. h3 e6 6. d4 cxd4 7. Nxd4 Bd7 8. O-O Be7 9. Be3 O-O 10. a3 Re8 11. b4 a6 12. Bd3 Qc8 13. Nce2 Rb8 14. c4 Ne5 15. Rc1 Nxd3 16. Qxd3 Bc6 17. Nxc6 Qxc6 18. f3 b5 19. cxb5 Qxb5 20. Qxb5 axb5 21. Nd4 Rb7 22. Rc3 d5 23. e5 Nd7 24. f4 Nb6 1/2-1/2